HOSPITAL ADMINISTRATION (Record no. 9174)

MARC details
000 -LEADER
fixed length control field 00414nam a22001577a 4500
003 - CONTROL NUMBER IDENTIFIER
control field SGT
020 ## - INTERNATIONAL STANDARD BOOK NUMBER
International Standard Book Number 9788131234600
082 ## - DEWEY DECIMAL CLASSIFICATION NUMBER
Classification number 362.1, GOEL
100 ## - MAIN ENTRY--PERSONAL NAME
Personal name GOEL, SONU
245 ## - TITLE STATEMENT
Title HOSPITAL ADMINISTRATION
260 ## - PUBLICATION, DISTRIBUTION, ETC. (IMPRINT)
Place of publication, distribution, etc NEW DELHI
Name of publisher, distributor, etc ELSEVIER
Year of Publication 2015
300 ## - PAGE DESCRIPTION
No. of Pages 463
650 ## - SUBJECT ADDED ENTRY--TOPICAL TERM
Topical term or geographic name as entry element HOSPITAL ADMINISTRATION
653 ## - KEYWORDS--INDEX TERM
Keyword term INTRODUCTION TO HOSPITALS, INTRODUCTION TO HEALTH PROMOTING HOSPITALS
942 ## - ADDED ENTRY ELEMENTS (KOHA)
Source of classification or shelving scheme Dewey Decimal Classification
Koha item type FCM Books
942 ## - ADDED ENTRY ELEMENTS (KOHA)
-- 4
Holdings
Withdrawn status Lost status Source of classification or shelving scheme Damaged status Not for loan Collection code Home library Current library Date acquired Vendor Name Cost, normal purchase price SGTU Bill Number Total Checkouts Full call number Accession No. (Barcode) Date last seen Date last borrowed Bill Date Koha item type Shelving location
    Dewey Decimal Classification     COMMERCE MANAGEMENT SGT Science & Social Sciences Library SGT Science & Social Sciences Library 21/06/2016 KIRTI PRKASHAN 625.00 SGTU 3241 9 362.1, GOEL CM1393 04/03/2024 23/02/2024   FCM Books  
    Dewey Decimal Classification   Not For Loan COMMERCE MANAGEMENT SGT Science & Social Sciences Library SGT Science & Social Sciences Library 21/06/2016 KIRTI PRKASHAN 625.00 SGTU 3241   362.1, GOEL CM1394 21/06/2016     FCM Books Reference Book
    Dewey Decimal Classification     COMMERCE MANAGEMENT SGT Science & Social Sciences Library SGT Science & Social Sciences Library 21/06/2016 KIRTI PRKASHAN 625.00 SGTU 3241 6 362.1, GOEL CM1395 03/07/2025 09/03/2024   FCM Books  
    Dewey Decimal Classification     COMMERCE MANAGEMENT SGT Science & Social Sciences Library SGT Science & Social Sciences Library 21/06/2016 KIRTI PRKASHAN 625.00 SGTU 3241   362.1, GOEL CM1396 21/06/2016     FCM Books